000 004530000a22001690004500
041 0 _aENG
082 0 4 _aG 282.3 M1171b
100 1 _aMacaulay, J. C. (Joseph Cordner) (1900-)
245 1 0 _aThe Bible and the Roman Church / J. C. Macaulay
260 _aChicago, ILL., USA : Moody
300 _a125 Pag
001 8699
942 _cBK
999 _c38826
_d38826
336 _atexto
_btxt
_2rdacontent
337 _2rdamedia
_asin mediación
_bn
338 _2rdacarrier
_avolumen
_bnc